[Event "Barranquilla op"]
[Site "Barranquilla"]
[Date "2025.02.26"]
[Round "4"]
[White "Villafane Gomez, Jaime"]
[Black "Schettini Acuna, Massimo Matteo"]
[Result "1-0"]
[WhiteElo "1987"]
[BlackElo "1654"]
[PlyCount "91"]
[EventDate "2025.02.24"]
[EventType "swiss"]
[EventRounds "8"]
[EventCountry "COL"]
[SourceTitle "CB10_2025"]
[SourceDate "2025.03.05"]
[SourceVersion "1"]
[SourceVersionDate "2025.03.05"]
[SourceQuality "1"]

1. e4 e5 2. Nf3 Nc6 3. Bc4 Nf6 4. Ng5 d5 5. exd5 Na5 6. Bb5+ c6 7. dxc6 bxc6 8. Be2 h6 9. Nf3 e4 10. Ne5 Bd6 11. d4 exd3 12. Nxd3 Qc7 13. h3 0-0 14. Nc3 Rd8 15. b3 Rb8 16. 0-0 Bf5 17. Bd2 c5 18. Qc1 c4 19. Nb2 Ba3 20. Nca4 Nd5 21. Bxa5 Qxa5 22. Nxc4 Bxc1 23. Nxa5 Nf4 24. Bc4 Bd2 25. Nc6 Rd6 26. Ne7+ Kf8 27. Nxf5 Rg6 28. Nh4 Rg5 29. g3 Nd5 30. Nf3 Rg6 31. Nxd2 Nf4 32. Kh2 Nh5 33. Rfe1 Rd8 34. Ne4 Nf6 35. Nxf6 Rxf6 36. Re2 Rf3 37. Rae1 g6 38. Kg2 Rf5 39. Nc3 Rc5 40. Re7 Rf5 41. R1e2 Rd6 42. Rxa7 Rdf6 43. Bd3 Rc5 44. Ne4 Rcf5 45. Nxf6 Rxf6 46. Ree7 1-0

[Event "Wch U10"]
[Site "Montesilvano"]
[Date "2024.11.20"]
[Round "6"]
[White "Burba, Mikita"]
[Black "Schettini Acuna, Massimo Matteo"]
[Result "1-0"]
[WhiteElo "1528"]
[BlackElo "1703"]
[PlyCount "79"]
[EventDate "2024.11.15"]
[EventType "swiss"]
[EventRounds "11"]
[EventCountry "ITA"]
[SourceTitle "CB48_2024"]
[SourceDate "2024.11.28"]
[SourceVersion "1"]
[SourceVersionDate "2024.11.28"]
[SourceQuality "1"]

1. e4 e5 2. Nf3 Nc6 3. d4 exd4 4. Nxd4 Nf6 5. Nxc6 bxc6 6. e5 Qe7 7. Qe2 Nd5 8. c4 Ba6 9. b3 0-0-0 10. Bb2 f6 11. exf6 Nxf6 12. Qxe7 Bxe7 13. Be2 Bc5 14. 0-0 d5 15. Nd2 Rhe8 16. Bf3 Bb4 17. Rfd1 Re7 18. a3 Bd6 19. g3 Rde8 20. Bxf6 gxf6 21. cxd5 cxd5 22. Bxd5 Be5 23. Ra2 Be2 24. Rc1 Bd4 25. Nc4 Rd8 26. Bg2 c5 27. h4 Kc7 28. b4 Rde8 29. bxc5 Bxc5 30. Ne3 Kb6 31. Nd5+ Kb5 32. Nxe7 Rxe7 33. Rb2+ Ka4 34. Rxc5 Kxa3 35. Rb1 Ka2 36. Rb8 Re5 37. Bd5+ Rxd5 38. Rxd5 Bb5 39. Rdxb5 a6 40. Ra5# 1-0

[Event "Medellin Castro Memorial op-A 31st"]
[Site "Medellin"]
[Date "2024.08.08"]
[Round "4"]
[White "Schettini Acuna, Massimo Matteo"]
[Black "Remolina Garcia, Mayra Xiomara"]
[Result "0-1"]
[WhiteElo "1783"]
[BlackElo "1718"]
[PlyCount "72"]
[EventDate "2024.08.07"]
[EventType "swiss"]
[EventRounds "10"]
[EventCountry "COL"]
[SourceTitle "CBM 221 Extra"]
[Source "ChessBase"]
[SourceDate "2024.09.30"]
[SourceVersion "1"]
[SourceVersionDate "2024.09.30"]
[SourceQuality "1"]

1. e4 e6 2. d4 d5 3. Nc3 Nf6 4. e5 Nfd7 5. f4 c5 6. Nf3 Nc6 7. Be3 b6 8. Qd2 Bb7 9. Be2 Be7 10. 0-0 0-0 11. Kh1 a6 12. Rg1 Rc8 13. g4 f6 14. g5 fxe5 15. fxe5 Ndxe5 16. dxe5 d4 17. g6 Nxe5 18. gxh7+ Kh8 19. Bh6 Bf6 20. Bxg7+ Bxg7 21. Rxg7 Kxg7 22. Rg1+ Kh8 23. Qh6 Qe7 24. Rg3 Nxf3 25. Bxf3 Bxf3+ 26. Kg1 dxc3 27. Qe3 Qf6 28. bxc3 Be4 29. Qe2 Bxh7 30. Re3 Rg8+ 31. Kh1 Rcf8 32. h3 Qg5 33. Qg4 Qxe3 34. Kh2 Qf2+ 35. Kh1 Be4+ 36. Qf3 Qg1# 0-1

[Event "American Continental Rapid 18th"]
[Site "Medellin"]
[Date "2024.06.01"]
[Round "1"]
[White "Robledo, Andres Mauricio"]
[Black "Schettini Acuna, Massimo Matteo"]
[Result "0-1"]
[WhiteElo "1938"]
[BlackElo "1535"]
[PlyCount "86"]
[EventDate "2024.06.01"]
[EventType "swiss (rapid)"]
[EventRounds "9"]
[EventCountry "COL"]
[SourceTitle "CBM 220 Extra"]
[Source "ChessBase"]
[SourceDate "2024.07.31"]
[SourceVersion "1"]
[SourceVersionDate "2024.07.31"]
[SourceQuality "1"]

1. c4 c5 2. g3 g6 3. Bg2 Bg7 4. Nf3 Nc6 5. Nc3 e5 6. 0-0 Nge7 7. d3 d6 8. Ne1 0-0 9. Rb1 b6 10. Bg5 f6 11. Bd2 Bb7 12. Nc2 Qd7 13. b4 Nd4 14. Bxb7 Qxb7 15. Nxd4 exd4 16. Nb5 Rad8 17. Bf4 Nc8 18. bxc5 dxc5 19. h4 a6 20. Nc7 Rd7 21. Ne6 Qc6 22. Nxf8 Bxf8 23. Qb3 h6 24. Qa3 a5 25. Qc1 g5 26. hxg5 hxg5 27. Bd2 Rh7 28. f3 Qd7 29. Kf2 Rh2+ 30. Ke1 Qe6 31. Rf2 Rh1+ 32. Rf1 Rxf1+ 33. Kxf1 Qh3+ 34. Kf2 Qh2+ 35. Kf1 Bd6 36. f4 Qxg3 37. Qe1 Qh3+ 38. Kf2 Qh2+ 39. Kf3 f5 40. fxg5 Qh3+ 41. Kf2 Bg3+ 42. Kg1 Qh2+ 43. Kf1 Qh1# 0-1

[Event "American Continental 18th"]
[Site "Medellin"]
[Date "2024.05.31"]
[Round "10"]
[White "Garces Trujillo, Luis Javier"]
[Black "Schettini Acuna, Massimo Matteo"]
[Result "0-1"]
[WhiteElo "1846"]
[BlackElo "1546"]
[PlyCount "78"]
[EventDate "2024.05.24"]
[EventType "swiss"]
[EventRounds "11"]
[EventCountry "COL"]
[SourceTitle "CBM 220 Extra"]
[Source "ChessBase"]
[SourceDate "2024.07.31"]
[SourceVersion "1"]
[SourceVersionDate "2024.07.31"]
[SourceQuality "1"]

1. d4 d5 2. c4 e6 3. Nc3 Nf6 4. cxd5 exd5 5. Bf4 c6 6. Rc1 Be7 7. Nf3 0-0 8. e3 Nbd7 9. Bd3 Re8 10. 0-0 Nf8 11. h3 Ng6 12. Bg5 Ne4 13. Bxe4 Bxg5 14. Bxg6 hxg6 15. Nxg5 Qxg5 16. Qf3 Bf5 17. Rfd1 Rad8 18. b4 Rd6 19. Kh2 Rf6 20. Qg3 Qh6 21. Re1 g5 22. Kg1 Qh5 23. f3 Rfe6 24. Kf2 Qg6 25. Na4 b6 26. Nc3 Bc2 27. Re2 Bd3 28. Ree1 Bc2 29. Re2 Bd3 30. Ree1 Bc4 31. e4 dxe4 32. fxe4 Qf6+ 33. Kg1 Qxd4+ 34. Kh1 Qd6 35. Qxg5 Qxb4 36. Re3 Rg6 37. Qf4 Qb2 38. Rg1 Bxa2 39. Rf3 Rf6 0-1

[Event "American Continental 18th"]
[Site "Medellin"]
[Date "2024.05.28"]
[Round "7"]
[White "Schettini Acuna, Massimo Matteo"]
[Black "Gutierrez Herrera, Jose Antonio"]
[Result "0-1"]
[WhiteElo "1546"]
[BlackElo "1984"]
[PlyCount "130"]
[EventDate "2024.05.24"]
[EventType "swiss"]
[EventRounds "11"]
[EventCountry "COL"]
[SourceTitle "CBM 220 Extra"]
[Source "ChessBase"]
[SourceDate "2024.07.31"]
[SourceVersion "1"]
[SourceVersionDate "2024.07.31"]
[SourceQuality "1"]

1. e4 c5 2. Nf3 g6 3. Be2 Bg7 4. d4 cxd4 5. Nxd4 Nc6 6. Nb3 Nf6 7. Nc3 0-0 8. 0-0 d6 9. Be3 a6 10. f4 b5 11. Bf3 Bb7 12. Rf2 Rc8 13. Rd2 Qc7 14. Nd5 Nxd5 15. exd5 Na5 16. Nxa5 Qxa5 17. c3 Rc4 18. Bd4 Bxd4+ 19. Rxd4 Qb6 20. Kf1 Rxd4 21. Qxd4 Qxd4 22. cxd4 Rc8 23. Re1 Kf8 24. Kf2 a5 25. a3 Ba6 26. Ke3 Bb7 27. Kd2 Rc4 28. Kd3 Ba6 29. b3 Rc7 30. Kd2 Bb7 31. Rc1 Rxc1 32. Kxc1 e6 33. dxe6 Bxf3 34. gxf3 fxe6 35. Kd2 d5 36. Ke3 Kg7 37. Kf2 Kf6 38. h4 Kf5 39. Kg3 b4 40. a4 h6 41. Kf2 Kxf4 42. Ke2 Kg3 43. Ke3 Kxh4 44. Kf4 h5 45. Ke5 Kg3 46. Kxe6 h4 47. Kxd5 h3 48. Kc6 h2 49. d5 h1Q 50. d6 Qxf3+ 51. Kc7 Qxb3 52. d7 Qd5 53. d8Q Qxd8+ 54. Kxd8 b3 55. Kc7 b2 56. Kb6 b1Q+ 57. Kxa5 Qb3 58. Ka6 Qxa4+ 59. Kb6 Qc4 60. Ka7 Qb4 61. Ka6 Kf4 62. Ka7 Ke5 63. Ka6 Kd6 64. Ka7 Kc7 65. Ka8 Qb8# 0-1

[Event "COL-ch U14"]
[Site "Barranquilla"]
[Date "2024.04.14"]
[Round "7"]
[White "Schettini Acuna, Massimo Matteo"]
[Black "Arnedo Doria, Alejandro"]
[Result "1/2-1/2"]
[WhiteElo "1451"]
[BlackElo "1531"]
[PlyCount "51"]
[EventDate "2024.04.11"]
[EventType "swiss"]
[EventRounds "7"]
[EventCountry "COL"]
[SourceTitle "CBM 219 Extra"]
[Source "ChessBase"]
[SourceDate "2024.05.31"]
[SourceVersion "1"]
[SourceVersionDate "2024.05.31"]
[SourceQuality "1"]

1. e4 c5 2. Nf3 a6 3. c4 Nc6 4. d4 cxd4 5. Nxd4 Nf6 6. Nc3 g6 7. Be3 Bg7 8. f3 0-0 9. Qd2 e6 10. Nb3 Re8 11. 0-0-0 Na5 12. Nxa5 Qxa5 13. Kb1 Rb8 14. Bf4 e5 15. Bh6 Re6 16. Nd5 Qxd2 17. Bxd2 Nxd5 18. cxd5 Re8 19. Bd3 d6 20. Ba5 b6 21. Bc3 Bb7 22. Rc1 Rbc8 23. Bd2 Rxc1+ 24. Rxc1 Rc8 25. Rxc8+ Bxc8 26. a4 1/2-1/2

[Event "COL-ch U14"]
[Site "Barranquilla"]
[Date "2024.04.13"]
[Round "4"]
[White "Anillo Trespalacios, Daniel David"]
[Black "Schettini Acuna, Massimo Matteo"]
[Result "1-0"]
[WhiteElo "1640"]
[BlackElo "1451"]
[PlyCount "95"]
[EventDate "2024.04.11"]
[EventType "swiss"]
[EventRounds "7"]
[EventCountry "COL"]
[SourceTitle "CBM 219 Extra"]
[Source "ChessBase"]
[SourceDate "2024.05.31"]
[SourceVersion "1"]
[SourceVersionDate "2024.05.31"]
[SourceQuality "1"]

1. e4 e5 2. Nf3 Nc6 3. Bc4 Nf6 4. d3 h6 5. Be3 Be7 6. Nc3 d6 7. Qd2 Be6 8. Bb3 Qd7 9. d4 Na5 10. dxe5 Nxb3 11. axb3 dxe5 12. Nxe5 Qxd2+ 13. Bxd2 Bb4 14. f3 Bxc3 15. Bxc3 Nd7 16. 0-0-0 0-0-0 17. Rxd7 Rxd7 18. Nxd7 Kxd7 19. Bxg7 Rg8 20. Bxh6 Rxg2 21. Be3 b6 22. h4 Rg7 23. h5 Rh7 24. h6 a5 25. Bd4 c5 26. Bg7 f5 27. Rd1+ Kc7 28. e5 Bd7 29. f4 Be6 30. Rd6 Bd7 31. Rf6 Bc8 32. Kd2 Bd7 33. e6 Be8 34. Rxf5 Kd6 35. Rf8 Ke7 36. Rxe8+ Kxe8 37. Ke3 Ke7 38. f5 Kd6 39. Kf4 c4 40. bxc4 a4 41. Kg5 Kc5 42. e7 Kxc4 43. e8Q Rxg7+ 44. hxg7 b5 45. g8Q+ Kd4 46. Qg7+ Kd5 47. Qge5+ Kc4 48. Q8xb5# 1-0

[Event "COL-ch sf"]
[Site "Pereira"]
[Date "2024.03.29"]
[Round "6"]
[White "Andrade Salcedo, Jorge Mario"]
[Black "Schettini Acuna, Massimo Matteo"]
[Result "1-0"]
[WhiteElo "1726"]
[BlackElo "1492"]
[PlyCount "97"]
[EventDate "2024.03.26"]
[EventType "swiss"]
[EventRounds "11"]
[EventCountry "COL"]
[SourceTitle "CBM 219 Extra"]
[Source "ChessBase"]
[SourceDate "2024.05.31"]
[SourceVersion "1"]
[SourceVersionDate "2024.05.31"]
[SourceQuality "1"]

1. d4 d5 2. Nf3 Nf6 3. g3 c6 4. Bg2 h6 5. c4 Bf5 6. Nc3 e6 7. 0-0 Nbd7 8. b3 Be7 9. Bb2 0-0 10. Re1 Re8 11. Nd2 Bf8 12. e4 Bg6 13. exd5 cxd5 14. cxd5 e5 15. dxe5 Nxe5 16. Nde4 Bb4 17. Qd4 Ba5 18. h3 Bxe4 19. Bxe4 Nh5 20. Bh7+ Kxh7 21. Rxe5 Qf6 22. Qd3+ Qg6 23. Qxg6+ Kxg6 24. Rae1 Nf6 25. d6 Rxe5 26. Rxe5 Bxc3 27. Bxc3 Rd8 28. Bb4 b6 29. a4 Ne8 30. Rd5 Kf6 31. d7 Nc7 32. Rd6+ Kf5 33. a5 Na6 34. axb6 axb6 35. Bc3 Nc5 36. Bxg7 Nxd7 37. Bxh6 Ke5 38. Bf4+ Ke4 39. Bg5 Ke5 40. Bxd8 Kxd6 41. h4 b5 42. h5 Nf8 43. Bf6 Nh7 44. Bg7 Kc5 45. f4 Kb4 46. g4 f6 47. h6 Kxb3 48. Bxf6 Nxf6 49. g5 1-0

[Event "COL-ch sf"]
[Site "Pereira"]
[Date "2024.03.29"]
[Round "7"]
[White "Schettini Acuna, Massimo Matteo"]
[Black "Campo Jimenez, David"]
[Result "0-1"]
[WhiteElo "1492"]
[BlackElo "1657"]
[PlyCount "72"]
[EventDate "2024.03.26"]
[EventType "swiss"]
[EventRounds "11"]
[EventCountry "COL"]
[SourceTitle "CBM 219 Extra"]
[Source "ChessBase"]
[SourceDate "2024.05.31"]
[SourceVersion "1"]
[SourceVersionDate "2024.05.31"]
[SourceQuality "1"]

1. e4 c5 2. Nf3 d6 3. d4 cxd4 4. Nxd4 Nf6 5. Nc3 Nc6 6. Nb3 e6 7. Bg5 Be7 8. Be2 h6 9. Be3 a6 10. Qd2 b5 11. f3 Bb7 12. 0-0 0-0 13. Rad1 Ne5 14. Nd4 Rc8 15. a3 Qc7 16. Rfe1 Rfd8 17. Bf2 Nc4 18. Bxc4 Qxc4 19. Nce2 Bf8 20. c3 e5 21. Nf5 d5 22. Neg3 dxe4 23. Qxd8 Rxd8 24. Rxd8 Qc7 25. Red1 exf3 26. gxf3 g6 27. Nxh6+ Kg7 28. Ng4 Nxg4 29. fxg4 Qc6 30. R8d5 Qf6 31. R5d3 Qc6 32. Rd5 Qf6 33. R5d3 Bf3 34. Re1 Bxg4 35. Rxe5 Qxe5 36. Bd4 Bc5 0-1